Movies Quiz

Random Movies or James Bond Quiz

10 to 1 Movie Countdown II Quiz Stats

 Plays Quiz Updated Jun 13, 2015

Challenge
Share
Tweet
Embed
Score 0/55 Timer 06:00
19 Plays Today
% Correct
Grumpier Old Men
86.2%
Grumpy Old Men
86.1%
The Odd Couple
85.2%
Sir Galahad
83.3%
The Man with the Golden Gun
82%
Sir Lancelot
81.9%
Neo
81.6%
For Your Eyes Only
79.3%
The Odd Couple II
79.3%
Morpheus
79.2%
Trinity
78.9%
Live and Let Die
78.8%
Abraham Lincoln
78.6%
Napoleon Bonaparte
78.6%
Sir Bedevere
78.2%
Cypher
78%
The Spy Who Loved Me
77.5%
Kevin Spacey
76.3%
A View to a Kill
76%
Sir Robin
75.6%
Octopussy
75.1%
Genghis Khan
75%
Joan of Arc
74.7%
The Fortune Cookie
73.5%
Ben Affleck
73.2%
King Arthur
73.2%
Billy the Kid
73.1%
Moonraker
70.7%
% Correct
Ludwig Van Beethoven
70.4%
Alec Baldwin
70.3%
Stephen Baldwin
69.8%
Tank
69.6%
Benicio Del Toro
69.5%
Apoc
68%
Dozer
67.6%
From The Files of Police Squad
66.6%
Sigmund Freud
66.2%
Harrison Ford
66%
The Final Insult
65.3%
Socrates
63.8%
Gabriel Byrne
63.6%
Out to Sea
62.8%
Kevin Pollak
62.5%
Blue Steel
61.7%
Switch
60.8%
The Grass Harp
59.4%
Chris Pine
57.8%
The Front Page
56.8%
Buddy Buddy
56.5%
The Smell of Fear
55.6%
Walt Disney
53.1%
Mouse
51.5%
Magnum
43.4%
JFK
26%
Patsy
22%

You're not logged in!

Compare scores with friends on all Sporcle quizzes.
OR
Log In

You Might Also Like...

Show Comments

Extras

Top Quizzes Today


Score Distribution

Your Account Isn't Verified!

In order to create a playlist on Sporcle, you need to verify the email address you used during registration. Go to your Sporcle Settings to finish the process.

Report this User

Report this user for behavior that violates our Community Guidelines.

Details: